| 000 | 00571nam a22002052 4500 | ||
|---|---|---|---|
| 001 | 0000013420 | ||
| 003 | OSt | ||
| 005 | 20140825164500.0 | ||
| 008 | 080717s1952 xx 000 0 eng d | ||
| 040 |
_aPUL _cPUL |
||
| 050 |
_aBX8333.M5647 _bM5 1952 |
||
| 100 | 1 |
_aMoore, Arthur J., _d1888-1974. |
|
| 245 | 1 | 4 |
_aThe mighty Saviour : _b[Sermons]. |
| 260 |
_aNew York : _bAbingdon-Cokesbury Press, _c[1952]. |
||
| 300 |
_a154 p. ; _c20 cm. |
||
| 650 | 0 |
_aMethodist Church _xSermons. |
|
| 650 | 0 |
_aSermons, American _x20th century. |
|
| 908 | _a080717 | ||
| 942 |
_2lcc _cBK |
||
| 999 |
_c12860 _d12860 |
||